01735nam a2200241Ia 4500001000600000003000900006008004100015040001300056040001300069041001300082100003000095100002900125245006300154245006200217250001100279260001100290260001800301260004900319300005500368500100600423650003301429650003101462G3930IT-RoPAU130308s9999 xx 000 0 und d aIT-RoPAU cIT-RoPAU aITALIANO aPuggelli Francesca Romana gCodice Aut. SPICS: 53982 aOcculto del linguaggio (L'). Psicologia della pubblicità bOcculto del Linguaggio (L'). Psicologia della Pubblicita' a1a ed. aMILANO bAngeli Franco c2000 [1° Ed.:2000 - Ed.Ling.Originale:2000] a"96 p. (prefazione: no ; testo: 96 [pagine: 0-0])" a"La Pubblicità Vende: un Prodotto, Un'Immagine, un Sogno. per Questa Sua Funzione viene Vista Come un Processo che Manipola le Coscienze. Ma la Pubblicità Sa Anche Raccontare, Insegnare, Educare: è la Pubblicità Non Commerciale. presentazione di Assunto Quadrio Aristarchi. Introduzione di Beniamino Stumpo. Linguaggio pubblicitario : Lingua Venduta, Come Funziona la Lingua della Pubblicità, trucchi strategie e Tattiche di un Fantalinguaggio, Ripetere e Spaventare Vende Bene. teorie della Persuasione: Quanta Retorica!, tra Ridondanza e Informazione,rRime Assonanze e Metonimie (Figure Morfologiche, Sintattiche, Semantiche); Pubblicità, Comunicazione di Massa e Persuasione; strada per Persuadere: Stimolo, Motivazioni, Processi Mentali. Caso della Pubblicità Non Commerciale: Pubblicità a Servizio del Cittadino, Storia Controversa, sottile Linea di Confine, Pubblicità Sociale, propaganda o Pubblicità Politica, Pubblicità per Il Progresso. Esempi Stranieri. Bibliografia." aLINGUAGGIO DELLA PUBBLICITA' eCodice materia Spics: 6204